[Event "Nord West Cup 3rd"]
[Site "Oldenburg"]
[Date "2001.02.04"]
[Round "7"]
[White "Krumland, Frank"]
[Black "Wenke, Heiko"]
[Result "0-1"]
[WhiteElo "1499"]
[BlackElo "1710"]
[PlyCount "68"]
[EventDate "2001.02.01"]
[EventType "swiss"]
[EventRounds "7"]
[EventCountry "GER"]
[SourceTitle "EXT 2010"]
[Source "ChessBase"]
[SourceDate "2010.11.25"]
[SourceVersion "1"]
[SourceVersionDate "2010.11.25"]
[SourceQuality "1"]

1. e4 c5 2. Nc3 d6 3. g3 Nc6 4. Bg2 Nf6 5. d3 g6 6. Nge2 Bg7 7. 0-0 0-0 8. f3 Bd7 9. Be3 Qc8 10. Qd2 Re8 11. Rab1 Bh3 12. Nf4 Bxg2 13. Kxg2 e6 14. a4 a6 15. Qf2 Nd7 16. Rfd1 Nd4 17. Bxd4 Bxd4 18. Qd2 Qc6 19. Nce2 Qxa4 20. Nxd4 cxd4 21. Nh3 Rac8 22. c3 e5 23. f4 Kg7 24. f5 Rc7 25. c4 Qb3 26. Ra1 Nf6 27. Ra3 Qb6 28. b4 Ng4 29. Rc1 Rec8 30. Raa1 Ne3+ 31. Kh1 Qc6 32. Kg1 Qd7 33. Qf2 gxf5 34. exf5 Qxf5 0-1

[Event "Nord West Cup 3rd"]
[Site "Oldenburg"]
[Date "2001.02.03"]
[Round "4"]
[White "Bauland, Thomas"]
[Black "Krumland, Frank"]
[Result "1-0"]
[WhiteElo "1830"]
[BlackElo "1499"]
[PlyCount "59"]
[EventDate "2001.02.01"]
[EventType "swiss"]
[EventRounds "7"]
[EventCountry "GER"]
[SourceTitle "EXT 2010"]
[Source "ChessBase"]
[SourceDate "2010.11.25"]
[SourceVersion "1"]
[SourceVersionDate "2010.11.25"]
[SourceQuality "1"]

1. Nc3 g6 2. d4 Bg7 3. e4 d6 4. Be3 Nf6 5. f3 0-0 6. Qd2 e5 7. d5 c6 8. dxc6 Nxc6 9. Rd1 Ne8 10. Nb5 Be6 11. a3 a6 12. Nxd6 Nxd6 13. Qxd6 Qxd6 14. Rxd6 Rfd8 15. Rxd8+ Rxd8 16. Bd3 b5 17. Ne2 Nd4 18. Nxd4 exd4 19. Bd2 Bc4 20. Ke2 h6 21. Ra1 Rb8 22. Bb4 h5 23. Rd1 Re8 24. Kf2 Bh6 25. Bc5 Be3+ 26. Ke2 Rc8 27. b4 Bxd3+ 28. Rxd3 Kg7 29. h3 Kf6 30. c3 1-0